000 01421cam a22004574i 4500
003 PE-LiUPU
005 20250731173232.0
008 150625s1984 sp r 000 0 spa d
020 _a8430109404
020 _a9788430109401
035 _a(Sirsi) a34731
040 _aPE-LiUPU
_bspa
_cPE-LiUPU
_erda
049 _aPRUA
082 0 4 _a230
_bT55
_221
100 1 _aTillich, Paul,
_eautor.
245 1 0 _aTeología sistemática.
_n III,
_pLa vida y el espíritu, la historia y el reino de Dios /
_cPaul Tillich.
264 1 _aSalamanca :
_bSígueme,
_c1984.
300 _a519 páginas ;
_c22 centímetros.
336 _atext
_2rdacontent
337 _aunmediated
_2rdamedia
338 _avolume
_2rdacarrier
505 0 _aLa vida y el espíritu -- La historia y el reino de Dios.
490 0 _aVerdad e imagen ;
_v75
526 _aSEG42
526 _aSEG41
526 _aSEG40
526 _aSEG39
526 _aP94
526 _aP87
526 _aP86
526 _aP85
526 _aP77
526 _aP76
526 _aP35
910 _adbm
_bjpc
_cjpc
_d20190522
942 _2ddc
_cBOOK
994 _aC0
_bPEPRU
596 _a1
999 _a230 T55 3
_wDEWEY
_c42620
_i34998
_d42620
_e2018-5-24
_f2021-11-11
_g6
_lCCODEBUL1
_mBUL
_n1
_p10.00
_q2
_r0
_sY
_tBOOK
_u2015-6-25
_xTEOLOGIA
_PP35
_0COMPRA
_o.STAFF. Colección Teología
980 _81
_gALBERTO SANCHEZ Responsable de Automatización